Question bank in chemical engineering / (Record no. 12278)
[ view plain ]
| 000 -LEADER | |
|---|---|
| fixed length control field | 00689nam a22001697a 4500 |
| 008 - FIXED-LENGTH DATA ELEMENTS--GENERAL INFORMATION | |
| fixed length control field | 090709t xxu||||| |||| 00| 0 eng d |
| 020 ## - INTERNATIONAL STANDARD BOOK NUMBER | |
| International Standard Book Number | 8185749736 |
| 082 ## - DEWEY DECIMAL CLASSIFICATION NUMBER | |
| Edition number | 21 |
| Classification number | 660.076 |
| Item number | MEH |
| 100 1# - MAIN ENTRY--PERSONAL NAME | |
| Personal name | Mehta, Vipin Kr. |
| 9 (RLIN) | 7823 |
| 245 ## - TITLE STATEMENT | |
| Title | Question bank in chemical engineering / |
| Remainder of title | Vipin Kr. Mehta. |
| 260 ## - PUBLICATION, DISTRIBUTION, ETC. (IMPRINT) | |
| Place of publication, distribution, etc | Delhi : |
| Name of publisher, distributor, etc | S. K. Kataria, |
| Date of publication, distribution, etc | 2000. |
| 300 ## - PHYSICAL DESCRIPTION | |
| Extent | 751 p. : |
| Other physical details | ill.; |
| Dimensions | 20 cm. |
| 650 #0 - SUBJECT ADDED ENTRY--TOPICAL TERM | |
| Topical term or geographic name as entry element | Chemical engineering |
| General subdivision | Problems, exercises, etc. |
| 9 (RLIN) | 7824 |
| 650 #0 - SUBJECT ADDED ENTRY--TOPICAL TERM | |
| Topical term or geographic name as entry element | Chemical engineering |
| General subdivision | Examinations, questions, etc. |
| 9 (RLIN) | 7825 |
| 942 ## - ADDED ENTRY ELEMENTS (KOHA) | |
| Source of classification or shelving scheme | Dewey Decimal Classification |
| Item type | Book - Borrowing |
| Withdrawn status | Item status | Source of classification or shelving scheme | Damaged status | Not for loan | Vendor | Home library | Current library | Shelving location | Date acquired | Source of acquisition | Cost, normal purchase price | Serial Enumeration / chronology | Total Checkouts | Total Renewals | Full call number | Barcode | Date last seen | Date last borrowed | Koha item type |
|---|---|---|---|---|---|---|---|---|---|---|---|---|---|---|---|---|---|---|---|
| Dewey Decimal Classification | Alahram | Central Library | Central Library | First floor | 09/07/2009 | 70.00 | 351 | 1 | 1 | 660.076 MEH | 000017456 | 15/07/2025 | 14/08/2014 | Book - Borrowing |